Ekonomičeskije sankcii v sovremennom meždunarodnom prave monografija

Salvato in:
Dettagli Bibliografici
Autore principale: Kešner, M. V.
Natura: Libro
Lingua:russo
Pubblicazione: Moskva Prospekt 2015
Soggetti:
Tags: Aggiungi Tag
Nessun Tag, puoi essere il primo ad aggiungerne!!

MARC

LEADER 00000nam a2200000 4500
001 0208382
005 20221207093442.3
020 |a 978-5-392-17878-0 
041 0 |a rus 
044 |a RU 
245 1 0 |a Ekonomičeskije sankcii v sovremennom meždunarodnom prave  |b monografija  |c M. V. Kešner 
264 1 |a Moskva  |b Prospekt  |c 2015 
300 |a 179 s. 
610 2 0 |a právo medzinárodné 
610 2 0 |a sankcie 
610 2 0 |a vzťahy medzinárodné 
100 1 |a Kešner, M. V.